The Exercises in Daily Life (Record no. 25609)
[ view plain ]
| 000 -LEADER | |
|---|---|
| fixed length control field | 00443nam a2200169Ia 4500 |
| 003 - CONTROL NUMBER IDENTIFIER | |
| control field | 0100 |
| 008 - FIXED-LENGTH DATA ELEMENTS--GENERAL INFORMATION | |
| fixed length control field | 130303s9999 xx 000 0 und d |
| 040 ## - CATALOGING SOURCE | |
| Transcribing agency | ARRUPELIB |
| 050 ## - LIBRARY OF CONGRESS CALL NUMBER | |
| Classification number | BX2179.L8G451981 |
| 300 ## - PHYSICAL DESCRIPTION | |
| Dimensions | 21cm. |
| 100 ## - MAIN ENTRY--PERSONAL NAME | |
| Personal name | Giuliani, Maurice |
| 9 (RLIN) | 43170 |
| 245 #4 - TITLE STATEMENT | |
| Title | The Exercises in Daily Life |
| Remainder of title | a Course Conducted |
| Statement of responsibility, etc | Maurice Giuliani |
| 260 ## - PUBLICATION, DISTRIBUTION, ETC. (IMPRINT) | |
| Place of publication, distribution, etc | Rome |
| Name of publisher, distributor, etc | Publication of the World Federation of Christian Life Communities |
| Date of publication, distribution, etc | 1981 |
| 300 ## - PHYSICAL DESCRIPTION | |
| Extent | 150p. ; |
| 650 ## - SUBJECT ADDED ENTRY--TOPICAL TERM | |
| Topical term or geographic name as entry element | Spiritual exercises |
| General subdivision | Criticism |
| 9 (RLIN) | 32276 |
| 942 ## - ADDED ENTRY ELEMENTS (KOHA) | |
| Source of classification or shelving scheme | Library of Congress Classification |
| Koha item type | Monograph ( Printed materials) |
| Withdrawn status | Lost status | Source of classification or shelving scheme | Damaged status | Not for loan | Collection code | Home library | Current library | Shelving location | Date acquired | Total Checkouts | Full call number | Barcode | Date last seen | Date checked out | Copy number | Price effective from | Koha item type |
|---|---|---|---|---|---|---|---|---|---|---|---|---|---|---|---|---|---|
| Library of Congress Classification | Main Collection | ARRUPE LIBRARY | ARRUPE LIBRARY | Main Collection | 04/03/2013 | 1 | BX2179.L8 G45 1981 | 46003033126 | 12/11/2018 | 23/10/2018 | 1 | 04/03/2013 | Monograph ( Printed materials) | ||||
| Library of Congress Classification | Main Collection | ARRUPE LIBRARY | ARRUPE LIBRARY | Main Collection | 31/10/2018 | BX2179.L8 G45 1981 | 46600003082 | 31/10/2018 | 31/10/2018 | Monograph ( Printed materials) |